Using information technology : (Record no. 11956)

000 -LEADER
fixed length control field 00880cam a2200241 a 4500
020 ## - INTERNATIONAL STANDARD BOOK NUMBER
ISBN 0072485558 (acidfree paper)
020 ## - INTERNATIONAL STANDARD BOOK NUMBER
ISBN 0071151052 (international ed.)
040 ## - CATALOGING SOURCE
Transcribing agency DLC
082 00 - DEWEY DECIMAL CLASSIFICATION NUMBER
Classification number 004 HIL 2003 A006 Or.
100 1# - MAIN ENTRY--AUTHOR NAME
Personal name Williams, Brian K.,
245 10 - TITLE STATEMENT
Title Using information technology :
Remainder of title a practical introduction to computers & communications : complete version /
250 ## - EDITION STATEMENT
Edition statement 5th ed.
260 ## - PUBLICATION, DISTRIBUTION, ETC. (IMPRINT)
Place of publication Boston :
Name of publisher McGraw-Hill/Irwin,
Year of publication c2003.
300 ## - PHYSICAL DESCRIPTION
Number of Pages xxix, 482 p. :
Other physical details col. ill. ;
Dimensions 28 cm.
650 #0 - SUBJECT ADDED ENTRY--TOPICAL TERM
Topical Term Computers.
650 #0 - SUBJECT ADDED ENTRY--TOPICAL TERM
Topical Term Telecommunication systems.
650 #0 - SUBJECT ADDED ENTRY--TOPICAL TERM
Topical Term Information technology.
700 1# - ADDED ENTRY--PERSONAL NAME
Personal name Sawyer, Stacey C.
856 42 - ELECTRONIC LOCATION AND ACCESS
Uniform Resource Identifier http://www.loc.gov/catdir/description/mh022/2002100742.html
856 41 - ELECTRONIC LOCATION AND ACCESS
Uniform Resource Identifier http://www.loc.gov/catdir/toc/mh021/2002100742.html
856 42 - ELECTRONIC LOCATION AND ACCESS
Uniform Resource Identifier http://www.loc.gov/catdir/enhancements/fy0737/2002100742-b.html
942 ## - ADDED ENTRY ELEMENTS (KOHA)
Koha item type សៀវភៅភាសាអង់គ្លេស
952 ## - LOCATION AND ITEM INFORMATION (KOHA)
Withdrawn status [LOCAL, KOHA] 0
Holdings
Permanent Location Date acquired Koha item type Lost status Shelving location Barcode Current Location Full call number
Library Block A2017-08-08សៀវភៅភាសាអង់គ្លេស A005A15772Library Block A004 HIL 2003 A005 Or.
មជ្ឈមណ្ឌលឯការនៃសាកលវិទ្យាល័យភូមិន្ទកសិកម្មចំការដូង

Powered by Koha